| 000 | 00578nam a2200097Ia 4500 | ||
|---|---|---|---|
| 008 | 170517s9999 xx 000 0 und d | ||
| 245 | _aDarling! The Pieter-Dirk Uys Story | ||
| 300 | _aControversial South African political satirist Pieter-Dirk Uys allows writer/director Julian Shaw into his previously off-limits inner world. The result is a startling document of Pieter's work educating school children about their country's greatest threat, HIV/AIDS, and an unforgettable portrait... | ||
| 650 | _xArt. | ||
| 856 | _uhttp://topdocumentaryfilms.com/darling-pieter-dirk-uys-story/ | ||
| 999 |
_c333129 _d333129 |
||